Statistics for NBA All-Defensive First Team Players

Click here to take the quiz!

General Stats

  • This quiz has been taken 124 times
    (12 since last reset)
  • The average score is 29 of 48

Answer Stats

# SelectionsPlayer% Correct
3Jrue Holiday
100%
9Kobe Bryant
100%
5LeBron James
100%
7Rudy Gobert
100%
1V. Wembanyama
100%
3Anthony Davis
92%
5Ben Wallace
92%
2DeAndre Jordan
92%
4G. Antetokounmpo
92%
1Gerald Wallace
92%
2Jaren Jackson Jr.
92%
9Kevin Garnett
92%
1Bam Adebayo
83%
7Chris Paul
83%
4Dwight Howard
83%
9Gary Payton
83%
1Herb Jones
83%
4Jason Kidd
83%
3Kawhi Leonard
75%
3Marcus Smart
75%
2Rajon Rondo
75%
8Tim Duncan
75%
3Tony Allen
75%
3Dikembe Mutombo
67%
4Draymond Green
67%
2Ron Artest
67%
1Andre Iguodala
58%
2Joakim Noah
58%
2Paul George
58%
1Tyson Chandler
58%
1Brook Lopez
50%
2Alonzo Mourning
42%
1Evan Mobley
33%
2Marcus Camby
33%
1Mikal Bridges
33%
1Patrick Beverley
33%
3Serge Ibaka
33%
2Ben Simmons
25%
5Bruce Bowen
25%
1Robert Covington
25%
1Alex Caruso
17%
1Doug Christie
17%
1Eric Bledsoe
17%
1Victor Oladipo
17%
1Andrei Kirilenko
0%
1Avery Bradley
0%
1Larry Hughes
0%
1Raja Bell
0%

Score Distribution

Percentile by Number Answered

Percent of People with Each Score

Your Score History

You have not taken this quiz since the last reset